000 00564cam a22002053a 4500
001 38888
003 PGUSA
005 20140828083847.0
008 120215s2012||||xxu|||||s|||||000 | eng d
040 _aPGUSA
_beng
042 _adc
100 1 _aLynch, Lawrence L.
245 1 0 _aOut of a Labyrinth
_h[electronic resource] /
_cLawrence L. Lynch
260 _bProject Gutenberg,
_c2012
506 _aPublic domain in the USA.
516 _aElectronic text
830 0 _aProject Gutenberg
_v38888
856 4 0 _uhttp://www.gutenberg.org/ebooks/38888
942 _cEB
999 _c268142
_d268142